Statistics for Animal Names in Movie Titles

Click here to take the quiz!

General Stats

  • This quiz has been taken 93 times
    (42 since last reset)
  • The average score is 31 of 50

Answer Stats

YearMovie Title% Correct
2014Teenage Mutant Ninja {Turtles}
97%
2018{Ant} - Man and the Wasp
92%
2011Rise of the Planet of the {Apes}
92%
2013The {Wolf} of Wall Street
92%
2008Kung Fu {Panda}
90%
2020Sonic the {Hedgehog}
90%
2019{Spider} - Man: Homecoming
87%
2006The Pink {Panther}
87%
1958{Cat} on a Hot Tin Roof
85%
1980Raging {Bull}
85%
1992Reservoir {Dogs}
85%
1994The {Lion} King
85%
1991The Silence of the {Lambs}
85%
1986{Crocodile} Dundee
82%
2009Thr Princess and the {Frog}
82%
2007Alvin and the {Chipmunks}
79%
2006{Snakes} on a Plane
79%
1988A {Fish} Called Wanda
77%
1975One Flew Over the {Cuckoo} 's Nest
77%
2000{Coyote} Ugly
74%
1959The {Hound} of the Baskervilles
74%
2002The Girl with the {Dragon} Tattoo
72%
2003Brother {Bear}
69%
1981An American {Werewolf} in London
67%
2005{Bat} man Begins
67%
2014{Penguins} of Madagascar
67%
2007{Bee} Movie
64%
2019Jojo {Rabbit}
64%
1978The {Deer} Hunter
64%
1993The {Pelican} Brief
62%
1995Twelwe {Monkeys}
62%
2004The {Butterfly} Effect
59%
2011The Green {Hornet}
56%
2000{Chicken} Run
54%
1980The {Elephant} Man
54%
1988{Gorillas} in the Mist
51%
2017Lady {Bird}
49%
2007The Water {Horse}
46%
2009G.I. Joe: The Rise of {Cobra}
41%
2003{Kangaroo} Jack
41%
2001{Rat} Race
41%
2010Black {Swan}
38%
1986The {Fly}
38%
2008{Eagle} Eye
28%
1993{Groundhog} Day
23%
1978Killer of {Sheep}
23%
1973The Day of the {Jackal}
21%
1990The Grey {Fox}
21%
2018Red {Sparrow}
13%
2002The {Scorpion} King
8%

Score Distribution

Percentile by Number Answered

Percent of People with Each Score

Your Score History

You have not taken this quiz since the last reset